|
|
|
|
| LEADER |
00000nab a2200000 a 4500 |
| 001 |
vtls000572444 |
| 003 |
SK-MaSNL |
| 005 |
20260426103129.0 |
| 008 |
120929c1996 xo 0 slo |
| 015 |
|
|
|a SNBRB19rr/mm-uuuuu
|
| 035 |
|
|
|a CL0572582
|
| 040 |
|
|
|a SNKBUCL
|b slo
|c SNKBUCL
|e AACR2
|
| 041 |
0 |
|
|a slo
|
| 044 |
|
|
|a xo
|c SK
|
| 080 |
|
|
|a 792.5
|2 1981
|
| 100 |
1 |
|
|a Unger, Pavel,
|d 1951-
|4 aut
|9 340556
|
| 245 |
1 |
0 |
|a Eva Urbanová - prvá dáma večera
|c Pavel Unger
|
| 500 |
|
|
|a Réžia Josef Průdek
|
| 600 |
1 |
7 |
|a Mascagni, Pietro
|d 1863-1945
|a Sedliacka česť
|x recenzie
|2 snkbucl
|9 1300139
|
| 610 |
2 |
7 |
|a Národní divadlo v Praze
|2 SNK
|9 185045
|
| 648 |
|
7 |
|a 1996
|2 SNK
|9 283904
|
| 651 |
|
7 |
|a 5100
|2 snkbucl
|9 166206
|
| 651 |
|
7 |
|a Bratislava (Slovensko)
|2 SNK
|9 14568
|
| 655 |
|
7 |
|a články z novín a časopisov
|2 snkbucl
|9 267496
|
| 700 |
1 |
|
|a Průdek, Josef,
|d 1944-
|4 aut
|9 12415
|
| 773 |
0 |
|
|t Sme
|g Roč. 4 a 49, č. 8 (11. 1. 1996), s. 8
|
| 850 |
|
|
|a Slovenská národná knižnica v Martine
|a MTA001
|
| 852 |
|
|
|a SNK
|b KIS3GCP
|
| 958 |
|
|
|a RK
|
| 992 |
|
|
|a RBX
|
| 999 |
|
|
|c 3276598
|d 3278528
|